বাঙালি জাতির কলঙ্কিত অধ্যায় : (Record no. 240256)
[ view plain ]
| 000 -LEADER | |
|---|---|
| fixed length control field | 00856nam a22002057a 4500 |
| 003 - CONTROL NUMBER IDENTIFIER | |
| control field | BD-DhUL |
| 005 - DATE AND TIME OF LATEST TRANSACTION | |
| control field | 20180411100038.0 |
| 008 - FIXED-LENGTH DATA ELEMENTS--GENERAL INFORMATION | |
| fixed length control field | 180411s2018 bg ||||| |||| 00| 0 ben |
| 020 ## - INTERNATIONAL STANDARD BOOK NUMBER | |
| International Standard Book Number | 97898490080710 |
| 040 ## - CATALOGING SOURCE | |
| Original cataloging agency | BD-DhUL |
| Transcribing agency | BD-DhUL |
| 082 ## - DEWEY DECIMAL CLASSIFICATION NUMBER | |
| Edition number | 22 |
| Classification number | 954.92 |
| Item number | BAN |
| 245 ## - TITLE STATEMENT | |
| Title | বাঙালি জাতির কলঙ্কিত অধ্যায় : |
| Remainder of title | রক্তাক্ত ১৫ আগস্ট / |
| Statement of responsibility, etc. | সম্পাদক , আনু মাহমুদ। |
| 260 ## - PUBLICATION, DISTRIBUTION, ETC. (IMPRINT) | |
| Place of publication, distribution, etc. | ঢাকা : |
| Name of publisher, distributor, etc. | ন্যাশনাল, |
| Date of publication, distribution, etc. | ২০১৮ । |
| 300 ## - PHYSICAL DESCRIPTION | |
| Extent | ৭১৯ পৃ. : |
| Other physical details | সম্মুুখ চিত্র ; |
| Dimensions | ২২ সেমি |
| 365 ## - TRADE PRICE | |
| Price type code | BDT |
| Price amount | 1000 |
| 651 #0 - SUBJECT ADDED ENTRY--GEOGRAPHIC NAME | |
| Geographic name | বাংলাদেশ |
| General subdivision | ইতিহাস |
| 651 #0 - SUBJECT ADDED ENTRY--GEOGRAPHIC NAME | |
| Geographic name | Bangladesh |
| General subdivision | History |
| 700 ## - ADDED ENTRY--PERSONAL NAME | |
| Personal name | মাহমুদ, আনু |
| Relator term | সম্পাদক |
| 942 ## - ADDED ENTRY ELEMENTS (KOHA) | |
| Source of classification or shelving scheme | |
| Koha item type | Books |
| Price effective from | Date last seen | Permanent Location | Not for loan | Date acquired | Source of classification or shelving scheme | Koha item type | Lost status | Withdrawn status | Copy number | Source of acquisition | Collection code | Damaged status | Shelving location | Barcode | Current Location | Full call number |
|---|---|---|---|---|---|---|---|---|---|---|---|---|---|---|---|---|
| 2018-04-11 | 2018-04-11 | Dhaka University Library | Not For Loan | 2018-02-22 | Books | 1 | Purchased | Non Fiction | Liberation War Collection | 504920 | Dhaka University Library | 954.92 BAN | ||||
| 2018-04-11 | 2018-04-11 | Dhaka University Library | Not For Loan | 2018-02-22 | Books | 2 | Purchased | Non Fiction | Liberation War Collection | 504921 | Dhaka University Library | 954.92 BAN |
